000 00603nam a22001937a 4500
003 OSt
005 20140310181718.0
008 130218t xxu||||| |||| 00| 0 eng d
020 _a9789715064163
050 _aHM 263
_b.B464 2006
245 _aThe Best PR programs tools :
_cedited by Bong R. Osorio.
_ba new selection of the winning entries to the IABC Gold Quill Philippines Awards /
260 _aManila :
_bUST Pub. House,
_c2006.
300 _a119 p. :
_bcol. ill. ;
_c28 cm.
521 _aMC
650 _aPR tools and programs
942 _2lcc
_cBK
_kLOC
999 _c1864
_d1864